E-business v automobilovém průmyslu

Automobilové firmy v konkurenčnom prostredí. Hlavné trendy v automobilovom priemysle. Elektronické trhy medzi výrobcami automobilov.

Guardado en:
Detalles Bibliográficos
Autor principal: Brodský, Zdeněk
Otros Autores: Hirš, Michal
Formato: Capítulo de libro
Lenguaje:checo
Materias:
Etiquetas: Agregar Etiqueta
Sin Etiquetas, Sea el primero en etiquetar este registro!

MARC

LEADER 00000naa a2200000 4500
001 r045245
005 20231004100201.4
041 0 |a cze 
044 |a CZ 
245 1 0 |a E-business v automobilovém průmyslu  |c Zdeněk Brodský, Michal Hirš 
520 |a Automobilové firmy v konkurenčnom prostredí. Hlavné trendy v automobilovom priemysle. Elektronické trhy medzi výrobcami automobilov. 
610 2 0 |a priemysel automobilový 
610 2 0 |a trh elektronický 
610 2 0 |a konkurencia 
610 2 0 |a technológie informačné 
610 2 0 |a internet 
610 2 0 |a výroba automatizovaná 
610 2 0 |a dodávatelia 
100 1 |a Brodský, Zdeněk 
700 1 |a Hirš, Michal